Statistics for World War II Quotes

Click here to take the quiz!

General Stats

  • This quiz has been taken 632 times
  • The average score is 8 of 15

Answer Stats

Hint Answer % Correct
"Never in the field of human conflict was so much owed by so many to so few."Winston Churchill
96%
"The Red Army and Navy and the whole Soviet people must fight for every inch of Soviet soil, fight to the last drop of blood for our towns and villages... Onward, to victory!"Joseph Stalin
90%
"You only have to kick in the door and the whole rotten structure will come crashing down."Adolf Hitler
88%
“We must be the great arsenal of Democracy.”Franklin D. Roosevelt
83%
"The Mediterranean will be turned into an Italian lake."Benito Mussolini
76%
"Whatever happens, the flame of the French resistance must not be extinguished and will not be extinguished."Charles de Gaulle
72%
"I have returned. By the grace of Almighty God, our forces stand again on Philippine soil."Douglas MacArthur
66%
"A pint of sweat will save a gallon of blood."George S. Patton
61%
"No enemy bomber can reach the Ruhr. If one reaches the Ruhr, my name is not _______. You may call me Meyer."Hermann Göring
54%
"I do not know with what weapons World War III will be fought, but World War IV will be fought with sticks and stones."Albert Einstein
42%
"I ask you: Do you want total war? If necessary, do you want a war more total and radical than anything that we can even yet imagine?"Joseph Goebbels
30%
"In the first six to twelve months of a war with the United States and Great Britain I will run wild and win victory upon victory. But then, if the war continues after that, I have no expectation of success."Isoroku Yamamoto
30%
"Nuts!"Anthony McAuliffe
11%
"They sowed the wind, and now they are going to reap the whirlwind."Sir Arthur Harris
7%
"The enemy is at the gate. It is a question of life and death."Andrei Zhdanov
2%

Score Distribution

Percentile by Number Answered

Percent of People with Each Score

Your Score History

You have not taken this quiz